000 00480nam a2200181Ia 4500
005 20250326125203.0
008 250326s9999 xx 000 0 und d
037 _aTextbook
040 _aFMSL
_beng
_cFMSL
041 _aeng
_2eng
084 _aX3:8M K0
_qFMSL
100 _aMerrihue W
_9738617
245 0 _aManaging by communication
_cMerrihue W
260 _aNY
_bNY, McGraw-HIll
_c1960
300 _a306p
942 _cTB
_hX3:8M K0
999 _c1276925
_d1276925